000 00540nam a2200193Ia 4500
003 OSt
005 20250219164745.0
008 210210b2010 xxu||||| |||| 00| 0 eng d
040 _cAL
041 _aKannada
082 _aK894.8 VIVD
100 _aVIVEKA SHANABHAGA Ed
_9192332
_dವಿವೇಕ ಶಾನಭಾಗ
245 _aDesha kala vishesha
_bದೇಶ ಕಾಲ ವಿಶೇಷ
260 _aBengaLuru
_bNot Mentioned
_c2010
300 _a320
690 _aKannada Miscellaneous
_9192336
906 _a064568
942 _2ddc
_cBK
999 _c142855
_d142855